|
|
|
|
| LEADER |
00000nam0a2200000 4500 |
| 001 |
205787 |
| 005 |
20231101225313.0 |
| 010 |
|
|
|a 9785982986207
|
| 035 |
|
|
|a (RuTPU)RU\TPU\book\224274
|
| 090 |
|
|
|a 205787
|
| 100 |
|
|
|a 20111214d2011 k y0rusy50 ca
|
| 101 |
0 |
|
|a rus
|
| 102 |
|
|
|a RU
|
| 105 |
|
|
|a a z 001zy
|
| 200 |
1 |
|
|a Роль газодинамического воздействия струи защитного газа на процессы сварки плавящимся электродом
|e монография
|f Д. А. Чинахов
|g Национальный исследовательский Томский политехнический университет (ТПУ), Юргинский технологический институт (ЮТИ)
|
| 210 |
|
|
|a Томск
|c Изд-во ТПУ
|d 2011
|
| 215 |
|
|
|a 151 с.
|c ил.
|
| 320 |
|
|
|a Библиогр.: с. 139-150.
|
| 330 |
|
|
|a Монография посвящена совершенствованию технологических процессов сварки плавящимся электродом сталей склонных к закалке в среде активных защитных газов за счет газодинамического воздействия струи на процесс сварки. Представлены результаты исследований влияния разных способов и режимов дуговой сварки плавящимся электродом в активных газах на механические свойства, химический состав, микроструктуру и микротвердость сварных соединений из сталей склонных к закалке. Предложена модель газодинамического воздействия защитного газа на каплю электродного металла при сварке с двухструйной газовой защитой. Предложены регрессионные зависимости химического состава и механических свойств многослойных сварных соединений из сталей ЗОХГСА, 45 и GL-E36 от параметров режима сварки с двухструйной газовой защитой. Предназначена для широкого круга специалистов, занимающихся разработкой и производством сварных конструкций ответственного назначения, а также студентов, магистрантов и аспирантов вузов технических специальностей.
|
| 606 |
1 |
|
|a Сталь легированная
|x Сварка
|2 stltpush
|3 (RuTPU)RU\TPU\subj\56501
|9 74408
|
| 606 |
1 |
|
|a Сварка плавлением
|2 stltpush
|3 (RuTPU)RU\TPU\subj\53939
|9 72103
|
| 610 |
1 |
|
|a неразъемные соединения
|
| 610 |
1 |
|
|a сварные соединения
|
| 610 |
1 |
|
|a холодные трещины
|
| 610 |
1 |
|
|a образование
|
| 610 |
1 |
|
|a предотвращение
|
| 610 |
1 |
|
|a струйная газовая защита
|
| 610 |
1 |
|
|a стальные соединения
|
| 610 |
1 |
|
|a механические свойства
|
| 610 |
1 |
|
|a технологические параметры
|
| 610 |
1 |
|
|a плавящиеся электроды
|
| 610 |
1 |
|
|a активные газы
|
| 610 |
1 |
|
|a монографии
|
| 610 |
1 |
|
|a труды учёных ТПУ
|
| 675 |
|
|
|a 669.15-194
|v 3
|
| 675 |
|
|
|a 621.791.6
|v 3
|
| 700 |
|
1 |
|a Чинахов
|b Д. А.
|c специалист в области сварочного производства
|c доцент Юргинского технологического института (филиала) Томского политехнического университета
|g Дмитрий Анатольевич
|2 stltpush
|3 (RuTPU)RU\TPU\pers\24212
|
| 712 |
0 |
2 |
|a Национальный исследовательский Томский политехнический университет (ТПУ)
|b Юргинский технологический институт (ЮТИ)
|c (2009- )
|2 stltpush
|3 (RuTPU)RU\TPU\col\15903
|
| 801 |
|
1 |
|a RU
|b 63413507
|c 20111214
|
| 801 |
|
2 |
|a RU
|b 63413507
|c 20180823
|g RCR
|
| 942 |
|
|
|c BK
|